00922nam a2200241Ia 4500001000600000003000900006008004100015040001300056040001300069041001300082100001500095100002900110245006900139245006500208250001100273260001100284260001800295260004900313300005900362500020400421650002400625650003100649G8627IT-RoPAU130308s9999 xx 000 0 und d aIT-RoPAU cIT-RoPAU aITALIANO aLepik Peet gCodice Aut. SPICS: 55917 aAntitesi come schema intellettuale nella cultura sovietica (L') bIncontri di Culture. La Semiotica tra Frontiere e Traduzioni a1a ed. aTORINO bUtet Libreria c2001 [1° Ed.:2001 - Ed.Ling.Originale:2001] a"10 p. (prefazione: no ; testo: 10 [pagine: 192-201])" a"Topologia Dello Spazio Culturale: Complementarità Spaziale; riduzione Simmetrica; proiezione Speculare; Simmetria Enantiomorfa. Auto Comunicazione della Cultura. Antitesi Come Codice Alternativo." aSAGGI DI SEMIOLOGIA eCodice materia Spics: 3257